00254nam a2200109Ia 4500008004100000100002100041245002900062260001700091650001200108942000700120999001700127190216s9999||||xx |||||||||||||| ||und|| aBalakrishnan.P.K 0aNovel Sidhiyum Sadanayum bNbs Kottayam aPadanam cBK c25376d25376